000 01049nam a22002537a 4500
003 BD-DhSAU
005 20190101094246.0
008 160718b2014 bg ||||| |||| 001 0 eng d
040 _aBD-DhSAU
082 _222
_a581.15
_bAr43
100 _aArin, Umma Sabiha Tasnim
_eRegistration # 08-03138
245 _aCharacter association and multi variate analysis in pea (pisum sativum l.) /
_bMS thesis
260 _aSher-e-Bangla Agricultural Universities :
_bDepartment of Genetics and Plant Breeding,
_c2014
300 _axii, 95 p. :
_bill. ;
_c30 cm.
500 _aMS thesis of Department of Genetics and Plant Breeding, Faculty of Agriculture, Sher-e-Bangla Agricultural University, Dhaka, Bangladesh
590 _aMd. Sirajul Islam
650 _aGenetics and Plant Breeding
650 _aPea
650 _aMultivariate
700 _aMahmud, Firoz
_eSupervisor
700 _aHossain, Md. Sarowar
_eCo-Supervisor
856 _uhttp://archive.saulibrary.edu.bd:8080/xmlui/handle/123456789/1023
_yOnline Access
942 _2ddc
_cTHESIS
999 _c13434
_d13433